Alimentación, incubación y crianza de la gallina: exposición práctica y científica de estos problemas de la industría
Salvato in:
| Autori principali: | , |
|---|---|
| Natura: | Libro |
| Lingua: | spagnolo |
| Pubblicazione: |
Santiago
Casa Amarilla
1950
|
| Soggetti: | |
| Tags: |
Aggiungi Tag
Nessun Tag, puoi essere il primo ad aggiungerne!!
|
MARC
| LEADER | 00000nam a2200000 a 4500 | ||
|---|---|---|---|
| 001 | UCS8994 | ||
| 003 | CL-VaPUC | ||
| 008 | 971113e19500000CL |||||||||||||||||spa|d | ||
| 082 | 0 | 4 | |a 636.5 |b PAZ |2 21 |
| 100 | |a Pazos E., Severino |e autor |9 393849 | ||
| 700 | 0 | |a Sierra Z., Juan |e author |9 393850 | |
| 245 | 1 | 0 | |a Alimentación, incubación y crianza de la gallina: exposición práctica y científica de estos problemas de la industría |
| 300 | |a 127 p | ||
| 942 | |c BK | ||
| 945 | |d 19971113 00:00:00 |a jquezada | ||
| 260 | |a Santiago |b Casa Amarilla |c 1950 | ||
| 650 | 0 | |a Aves |9 262192 | |
| 650 | 7 | |a AVES DE CORRAL |2 CL-VaPUC |9 393851 | |
| 650 | 0 | |a Alimentación animal |9 393779 | |
| 650 | 0 | |a Nutrición animal |9 389503 | |
| 650 | 7 | |a RACION |2 CL-VaPUC |9 393853 | |
| 650 | 7 | |a INCUBACION |2 CL-VaPUC |9 393854 | |
| 650 | 7 | |a INCUBACION ARTIFICIAL |2 CL-VaPUC |9 393855 | |
| 650 | 7 | |a PONEDORAS |2 CL-VaPUC |9 393856 | |
| 583 | |a last modification |c 19971113 00:00:00 |k Rodrigo Vera | ||
| 999 | |c 263074 |d 263072 | ||